معجم أدبي عربي وإنجليزي في قسمين عربي- إنجليزي وإنجليزي - عربي / (رقم التسجيلة. 30568)

تفاصيل مارك
000 -LEADER
fixed length control field 00648nam a22001937a 4500
005 - DATE AND TIME OF LATEST TRANSACTION
control field 20251108165541.0
008 - FIXED-LENGTH DATA ELEMENTS--GENERAL INFORMATION
fixed length control field 250721s1975 xx 000 0 ara d
082 14 - DEWEY DECIMAL CLASSIFICATION NUMBER
Classification number م/413.2/كات
100 1# - MAIN ENTRY--PERSONAL NAME
Personal name كاتافاغو، جوزيف
245 10 - TITLE STATEMENT
Title معجم أدبي عربي وإنجليزي في قسمين عربي- إنجليزي وإنجليزي - عربي /
250 ## - EDITION STATEMENT
Edition statement ط3 ، مزيدة زمنقحة
264 1# - PRODUCTION, PUBLICATION, DISTRIBUTION, MANUFACTURE, AND COPYRIGHT NOTICE
Place of production, publication, distribution, manufacture بيروت :
Name of producer, publisher, distributor, manufacturer مكتبة لبنان،
Date of production, publication, distribution, manufacture, or copyright notice 1975.
300 ## - PHYSICAL DESCRIPTION
Extent 1096ص
650 17 - SUBJECT ADDED ENTRY--TOPICAL TERM
Topical term or geographic name as entry element اللغة العربية
650 17 - SUBJECT ADDED ENTRY--TOPICAL TERM
Topical term or geographic name as entry element القواميس
650 17 - SUBJECT ADDED ENTRY--TOPICAL TERM
Topical term or geographic name as entry element اللغة الأنجليزية
942 ## - ADDED ENTRY ELEMENTS (KOHA)
Source of classification or shelving scheme Dewey Decimal Classification
Koha item type مراجع
المقتنيات
حالة السحب حالة الفقدان مصدر التصنيف حالة التلف غير قابل للإعارة المكتبة الرئيسية المكتبة الحالية موقع الرف تاريخ التزويد الرقم المتسلسل Total Checkouts رقم الإستدعاء الباركود تاريخ آخر ظهور تاريخ الفاتورة نوع المادة (كوها)
    Dewey Decimal Classification   Not For Loan المكتبة المركزية المكتبة المركزية مراجع 06/07/2004 46753   م/413.2/كات 46753 28/07/2025 06/07/2004 مراجع
Implemented & Customized by: BBB with SCIT (Smart Chains for Information Technology)

Powered by Koha